| 000 | 01164nam a22002777a 4500 | ||
|---|---|---|---|
| 003 | OSt | ||
| 005 | 20240722094910.0 | ||
| 008 | 210226b 2020 dr a 00| 0 eng d | ||
| 020 | _a9789945096484 | ||
| 040 |
_aDO-SdBNP _bspa _cBNPHU |
||
| 082 | 4 |
_a641.597293 _bG993c _222 |
|
| 100 | 1 |
_aGuzmán Casado de Ciaschi, Yudelka, _d1955- _977956 |
|
| 245 | 1 | 0 |
_aCocinando con mi mamá : _bla cocina dominicana aprendida pegada a las faldas de mamá / _cYudelka Guzmán Casado de Ciaschi ; edición de textos: Roberto Ciaschi ; fotografías: Yudelka Guzmán Casado de Ciaschi y Roberto Ciaschi. |
| 260 |
_aSanto Domingo : _bCorripio : _c2020. |
||
| 300 |
_a180 p. : _bil., fots. ; _c23 cm. |
||
| 500 | _aIncluye datos de la autora en la solapa de la cubierta. | ||
| 590 | _aInventariado, 2021 /LP | ||
| 590 | _aLa biblioteca posee 1 ejemplar autografiado por la autora | ||
| 650 | 4 |
_aCocina dominicana _9192 |
|
| 650 | 4 |
_aGastronomia _zRepública Dominicana _978247 |
|
| 650 | 4 |
_aCocina _xRecetas _978248 |
|
| 650 | 0 |
_aComidas y banquetes _918978 |
|
| 700 | 1 |
_aCiaschi, Roberto, _eedición _977957 |
|
| 910 | _aValidado. Control de calidad MFF | ||
| 942 |
_2ddc _cLBS1 |
||
| 999 |
_c49464 _d49464 |
||